Nakolik je spokojený zaměstnanec loajální ?

Autorka sa snaží nájsť jednotnú odpoveď na otázku: ako sa kríza odráža na chovaní zamestnancov a na ich vzťahu voči zamestnávateľom.

Na minha lista:
Detalhes bibliográficos
Autor principal: Suissa, Dagmar
Formato: Capítulo de Livro
Idioma:tcheco
Assuntos:
Tags: Adicionar Tag
Sem tags, seja o primeiro a adicionar uma tag!

MARC

LEADER 00000naa a2200000 4500
001 0117521
005 20231113132253.8
041 0 |a cze 
044 |a CZ 
245 1 0 |a Nakolik je spokojený zaměstnanec loajální ?  |c Dagmar Suissa 
520 |a Autorka sa snaží nájsť jednotnú odpoveď na otázku: ako sa kríza odráža na chovaní zamestnancov a na ich vzťahu voči zamestnávateľom. 
610 2 0 |a lojálnosť zamestnancov 
610 2 0 |a spokojnosť v práci 
610 2 0 |a kríza hospodárska 
100 1 |a Suissa, Dagmar